| 000 | 003870000a22001450004500 | ||
|---|---|---|---|
| 001 | 004348 | ||
| 003 | MACL | ||
| 040 | _aMACL | ||
| 090 |
_c16341 _d16340 |
||
| 100 | _aShastri, J.L. | ||
| 245 |
_aAncient IndianTradition & Mythology Volume 32 Part 1 _bThe Varaha P̜urana Part 2 _cJ.L. Shastri |
||
| 260 |
_aMotilal Banarsidass Publishers, _c2002 |
||
| 650 | _aReligion | ||
| 942 |
_k295 _cBook |
||
| 999 |
_c16239 _d16239 |
||